000 01119cam a22003257a 4500
003 CHAP
005 20220329142855.0
008 041124d2004 mx a r 00110 spa d
010 _a89065
011 _a90037
035 _a100593
040 _cCHAP
090 _aTesis
100 0 0 _aBarajas Rodríguez, Jorge Edgar.
_910048
245 1 0 _aDistribución del sistema radical de Pinus greggii como respuesta a la poda química de raíz en vivero
_c/por Jorge Edgar Barajas Rodríguez
260 _aMontecillo, Méx. :
_bEl autor,
_c2004.
300 _a94 p. :
_bilus.
502 _aTesis(M.C.) -- CP. Instituto de Recursos Naturales. Programa Forestal
590 _aALEPH
_b10
_c20130110
_lUCH01
_h1501
590 _aBATCH-UPD
_b10
_c20130110
_lUCH01
_h1123
590 _aBATCH-UPD
_b10
_c20130410
_lUCH01
_h0713
590 _aBATCH-UPD
_b10
_c20130914
_lUCH01
_h1914
590 _aCONVERSION
_b10
_c20130109
_lUCH01
_h1349
650 1 4 _aPinus greggii.
_988338
650 1 4 _aPoda.
_989467
901 _aBK
905 _aAlejandra Carrasco M.
942 _cTESIS
949 _aTesis
_bBC
_cTES
_d1005931
_eTS1
_h42675
_i100593
_sb
999 _c89065
_d89065